[Event "Master Open"]
[Site "Voronezh"]
[Date "2018.06.16"]
[Round "5.14"]
[White "Gabrielian, Artur"]
[Black "Anikonov, Dmitry"]
[Result "1-0"]
[WhiteElo "2506"]
[BlackElo "2394"]
[Annotator ""]
[Source ""]
[Remark ""]

1.e4 e6 2.d4 d5 3.Nd2 Nc6 4.Ngf3 Nf6 5.e5 Nd7 6.Nb3 Be7 7.Bb5
a5 8.a4 Na7 9.Bd3 b6 10.Bd2 Bb7 11.O-O c5 12.dxc5 Nxc5 13.Nxc5
bxc5 14.c3 Nc6 15.Re1 Ba6 16.Bc2 Rb8 17.Rb1 Rb7 18.h3 Qb8 19.Bc1
h6 20.Nh2 Nxe5 21.Bf4 Bd6 22.Bxe5 Bxe5 23.Ng4 Bd6 24.Qxd5 Rd7
25.Qh5 Kf8 26.Rbd1 Re7 27.Ne5 Bb7 28.Nxf7 Rxf7 29.Rxe6 Be7 30.Bg6
Qf4 31.Bxf7 Qxf7 32.Qe5 Bc8 33.Rc6 Qf5 34.Qxf5+ Bxf5 35.g4 Bc2
36.Rd7 Kf7 37.Ra7 Bxa4 38.Rxc5 Rd8 39.Rcc7 Rd1+ 40.Kg2 Re1 41.b4
Bb3 42.Rxa5 Ke6 43.Ra6+ Kd5 44.Rd7+ Kc4 45.Rc6+ Kb5 46.Rcc7 Bf6
47.Rd6 Bc2 48.Rd2 Be4+ 49.f3 Bb1 50.Rc5+ Ka4 51.b5 Re7 52.b6
Rb7 53.Rb2 1-0

[Event "Master Open"]
[Site "Voronezh"]
[Date "2018.06.18"]
[Round "6.15"]
[White "Makarian, Rudik"]
[Black "Demidov, Mikhail"]
[Result "1-0"]
[WhiteElo "2343"]
[BlackElo "2513"]
[Annotator ""]
[Source ""]
[Remark ""]

1.c4 e6 2.Nf3 Nf6 3.g3 d5 4.d4 a6 5.Bg2 dxc4 6.O-O b5 7.Ne5 c6
8.Nc3 Bb7 9.b3 cxb3 10.axb3 Be7 11.Ne4 O-O 12.Nc5 Bxc5 13.dxc5
Nfd7 14.Bb2 Qc7 15.Qd4 Qxe5 16.Qxe5 Nxe5 17.Bxe5 Nd7 18.Bd6 Rfd8
19.b4 Nf6 20.e4 Rd7 21.Rfd1 h6 22.f4 Ne8 23.e5 Nc7 24.Bxc7 Rxc7
25.Rd6 Kf8 26.Kf2 Ke7 27.Ke3 h5 28.h3 Rh8 29.Be4 g6 30.Kf2 Rcc8
31.Rad1 Rc7 32.Kg2 Ra8 33.Ra1 Rh8 34.g4 hxg4 35.hxg4 Rcc8 36.Rad1
Rc7 37.Kg3 a5 38.bxa5 b4 39.R6d4 Ra8 40.Ra1 Bc8 41.Rxb4 Bd7 42.Rb6
Be8 43.a6 Bd7 44.Kh4 Be8 45.Rb7 Kd8 46.Kg5 1-0

[Event "Master Open"]
[Site "Voronezh"]
[Date "2018.06.18"]
[Round "6.16"]
[White "Cherniaev, Alexander"]
[Black "Ponkratov, Pavel"]
[Result "0-1"]
[WhiteElo "2417"]
[BlackElo "2622"]
[Annotator ""]
[Source ""]
[Remark ""]

1.e4 c5 2.c3 d6 3.g3 d5 4.d3 Nc6 5.Nd2 Nf6 6.Ngf3 e6 7.Bg2 dxe4
8.dxe4 Qd3 9.Bf1 Qd8 10.Bg2 Qd3 11.Bf1 Qd7 12.Bg2 b6 13.O-O Ba6
14.Re1 Be7 15.Qa4 Na5 16.Qxd7+ Nxd7 17.Bf1 Bxf1 18.Nxf1 O-O-O
19.h4 Kb7 20.Kg2 Nc6 21.Bf4 b5 22.Ng5 Rdf8 23.Rad1 Nb6 24.Bd6
Bxd6 25.Rxd6 h6 26.Nf3 Rd8 27.Rxd8 Rxd8 28.Ne3 Na4 29.Re2 c4
30.Rc2 Nc5 31.Nd2 a5 32.Kf1 a4 33.Ke2 g5 34.hxg5 hxg5 35.Rc1
Ne5 36.Rb1 Ned3 37.Nef1 Kc6 38.b3 cxb3 39.axb3 axb3 0-1

[Event "Master Open"]
[Site "Voronezh"]
[Date "2018.06.18"]
[Round "6.17"]
[White "Rodin, Dmitrij"]
[Black "Volkov, Sergey"]
[Result "0-1"]
[WhiteElo "2402"]
[BlackElo "2580"]
[Annotator ""]
[Source ""]
[Remark ""]

1.e4 e6 2.d4 d5 3.Nd2 Nf6 4.e5 Nfd7 5.Bd3 c5 6.c3 Nc6 7.Ne2 cxd4
8.cxd4 f6 9.exf6 Nxf6 10.O-O Bd6 11.Nf3 O-O 12.Bf4 Bxf4 13.Nxf4
Ng4 14.Qd2 Qf6 15.Nh5 Qh6 16.Qxh6 Nxh6 17.Rac1 Bd7 18.Rc3 g6
19.Ng3 Rxf3 20.gxf3 Nxd4 21.Kg2 Rf8 22.Rc7 Bc6 23.b4 a6 24.Ne2
Nhf5 25.Nxd4 Nxd4 26.Rc1 e5 27.Re7 Rxf3 28.Bf1 Ra3 29.Rxe5 Kf7
30.Re3 Rxa2 31.Bd3 Kf6 32.Rce1 Rb2 33.Rh3 Rxb4 34.Rxh7 Ne6 35.Bb1
d4+ 36.Be4 Ng5 37.Bxc6 Nxh7 38.Bd5 Rb5 39.Bg8 Ng5 40.h4 Nf7 41.Re4
Kg7 42.Bxf7 Kxf7 43.Rxd4 a5 44.Kg3 Rb3+ 45.f3 b5 46.Rd7+ Ke6
47.Ra7 a4 48.Kg4 a3 49.Ra6+ Kd5 50.f4 b4 51.Rxg6 a2 0-1

[Event "Master Open"]
[Site "Voronezh"]
[Date "2018.06.18"]
[Round "6.18"]
[White "Nozdrachev, Leonid"]
[Black "Moskalenko, Alexander"]
[Result "1/2-1/2"]
[WhiteElo "2400"]
[BlackElo "2558"]
[Annotator ""]
[Source ""]
[Remark ""]

1.e4 c6 2.Nc3 d5 3.Nf3 Nf6 4.e5 Ne4 5.Qe2 Nxc3 6.dxc3 Bg4 7.h3
Bxf3 8.Qxf3 e6 9.Bf4 Qa5 10.a3 Nd7 11.Bd3 Qc7 12.Qg3 Nc5 13.O-O
g6 14.Rfe1 h5 15.Bg5 Be7 16.Qh4 Bxg5 17.Qxg5 Qe7 18.Qe3 Na4 19.Rab1
b5 20.Qd2 Nb6 21.Ra1 h4 22.b3 Rh5 23.Qe3 Nd7 24.f4 Nc5 25.Be2
Rh8 26.a4 bxa4 27.b4 Ne4 28.Rxa4 g5 29.fxg5 Rg8 30.Bd3 Nxc3 31.Ra6
Qxg5 32.Qf2 Ne4 33.Bxe4 dxe4 34.Rxc6 Qxe5 35.Qxh4 e3 36.Rc5 Qg7
37.Qe4 Rd8 38.Rxe3 Qa1+ 39.Kh2 Rg7 40.Rh5 Kf8 41.Rh8+ Rg8 42.Rxg8+
Kxg8 43.c3 Rd1 44.Rg3+ Kf8 45.Rf3 Rh1+ 46.Kg3 Qd1 47.Qe5 Qe1+
48.Qxe1 Rxe1 49.Kf4 a5 50.bxa5 Ra1 51.Ke5 Ke7 52.Kd4 Rxa5 53.Kc4
f5 54.Kb4 Ra2 55.g4 fxg4 56.hxg4 Rg2 57.Rf4 e5 58.Re4 Kd6 59.c4
Rb2+ 60.Kc3 Rg2 61.Kd3 Rg3+ 62.Ke2 Ke6 63.Kd2 Kd6 64.Ke1 Ke6
65.Ke2 Rc3 66.Kd2 1/2-1/2

[Event "Master Open"]
[Site "Voronezh"]
[Date "2018.06.18"]
[Round "6.19"]
[White "Tsoi, Dmitry"]
[Black "Tsydypov, Zhamsaran"]
[Result "1-0"]
[WhiteElo "2382"]
[BlackElo "2522"]
[Annotator ""]
[Source ""]
[Remark ""]

1.Nf3 g6 2.g3 Bg7 3.Bg2 e5 4.d3 d5 5.O-O Ne7 6.c4 c6 7.Nc3 O-O
8.Qc2 h6 9.Rd1 Be6 10.e3 Na6 11.a3 Qa5 12.Qe2 Nc7 13.b4 Qa6 14.cxd5
cxd5 15.d4 Qxe2 16.Nxe2 e4 17.Nd2 Nb5 18.a4 Bg4 19.Re1 Bxe2 20.Rxe2
Bxd4 21.exd4 Nxd4 22.Re1 Nc2 23.Bb2 Nc6 24.b5 N6b4 25.Bf1 Rfe8
26.Nb3 Nxa1 27.Rxa1 e3 28.fxe3 Nc2 29.Rc1 Nxe3 30.Bd4 Nxf1 31.Kxf1
b6 32.a5 Rac8 33.Rxc8 Rxc8 34.axb6 axb6 35.Ke2 g5 36.Kd3 Kh7
37.Nd2 f5 38.Nb1 Rc1 39.Nc3 Rh1 40.Nxd5 Rxh2 41.Nxb6 f4 42.gxf4
gxf4 43.Nd5 f3 44.Nf6+ Kg6 45.Ne4 Rh5 46.b6 Rb5 47.Kc4 Rb1 48.Nd2 1-0

[Event "Master Open"]
[Site "Voronezh"]
[Date "2018.06.18"]
[Round "6.20"]
[White "Triapishko, Alexandr"]
[Black "Pogosyan, Stefan"]
[Result "1/2-1/2"]
[WhiteElo "2513"]
[BlackElo "2359"]
[Annotator ""]
[Source ""]
[Remark ""]

1.e4 c5 2.Nf3 e6 3.d4 cxd4 4.Nxd4 Nc6 5.Nc3 Qc7 6.Qd3 Nf6 7.Ndb5
Qb8 8.Qg3 d6 9.Be3 a6 10.Nd4 Bd7 11.Be2 b5 12.f3 b4 13.Nxc6 Bxc6
14.Nb1 d5 15.Qxb8+ Rxb8 16.e5 Nd7 17.f4 a5 18.Nd2 a4 19.Nf3 Bb5
20.Nd4 Bxe2 21.Kxe2 Bc5 22.Rhc1 Rb6 23.b3 Ke7 24.c4 bxc3 25.Rxc3
Ra8 26.Rd1 axb3 27.axb3 Ra2+ 28.Kf3 g5 29.fxg5 Nxe5+ 30.Kg3 Nd7
31.h4 Bxd4 32.Bxd4 Rb4 33.Rf3 Ra3 34.Bb2 Ra2 35.Bc3 Rb6 36.Rdf1
f5 37.gxf6+ Kf7 38.Bd4 Rc6 39.Re3 Rcc2 40.Kh3 Rxg2 41.Rfe1 Rh2+
42.Kg3 Rhg2+ 43.Kh3 Rad2 44.Rxe6 Rxd4 45.Re7+ Kxf6 46.Rxd7 h5
47.Re3 Rgd2 48.Rf3+ Ke6 49.Rh7 R4d3 50.Kg3 Rxf3+ 1/2-1/2

[Event "Master Open"]
[Site "Voronezh"]
[Date "2018.06.18"]
[Round "6.21"]
[White "Anikonov, Dmitry"]
[Black "Golubov, Saveliy"]
[Result "1/2-1/2"]
[WhiteElo "2394"]
[BlackElo "2493"]
[Annotator ""]
[Source ""]
[Remark ""]

1.d4 Nf6 2.c4 c6 3.Nf3 d5 4.g3 dxc4 5.Bg2 b5 6.O-O e6 7.b3 cxb3
8.axb3 Be7 9.Qc2 Bb7 10.Nc3 O-O 11.Bg5 Na6 12.Bxf6 Bxf6 13.Ne4
Be7 14.Rfd1 Qb6 15.Rac1 Rac8 16.Nc5 Nxc5 17.dxc5 Qc7 18.Qe4 Rfd8
19.Nd4 a5 20.Rd3 b4 21.h4 Kh8 22.Qg4 g6 23.h5 Qe5 24.hxg6 hxg6
25.Nf3 Qf6 26.Rd4 Rxd4 27.Nxd4 Rc7 28.e3 Kg7 29.Qe4 Rd7 30.Qc2
e5 31.Nf3 Rd5 32.Qa2 Rxc5 33.Rxc5 Bxc5 34.Qxa5 Qd6 35.Ng5 Qd1+
36.Kh2 Be7 37.Qxe5+ Bf6 38.Ne6+ fxe6 39.Qc7+ Kh6 40.Qxb7 Qxb3
41.Bxc6 Qc4 1/2-1/2

[Event "Master Open"]
[Site "Voronezh"]
[Date "2018.06.18"]
[Round "6.22"]
[White "Belyakov, Bogdan"]
[Black "Bykov, Oleg"]
[Result "1-0"]
[WhiteElo "2490"]
[BlackElo "2375"]
[Annotator ""]
[Source ""]
[Remark ""]

1.e4 e6 2.d4 d5 3.Bd3 dxe4 4.Bxe4 Nf6 5.Bf3 c5 6.Ne2 Nc6 7.Be3
cxd4 8.Nxd4 Ne5 9.Nc3 a6 10.Qe2 Nxf3+ 11.Qxf3 e5 12.Nde2 Be7
13.Qg3 Qa5 14.O-O-O O-O 15.h4 Ng4 16.Nd5 Bd8 17.Nec3 Be6 18.a4
Nxe3 19.b4 Nxd1 20.Rxd1 Bxd5 21.bxa5 Be6 22.Qxe5 Bxh4 23.Ne4
Rac8 24.Rd3 Rc4 25.Rd4 Rc6 26.Rd6 Rxd6 27.Qxd6 Rc8 28.Kb1 h6
29.f3 Be1 30.Qb6 Rc4 31.c3 Rxa4 32.Qd8+ Kh7 33.Qd1 Rxe4 34.fxe4
Bxc3 35.Qd8 Be1 36.Kc2 f6 37.Kd1 Bg3 38.Kd2 Bc4 39.Qc8 Bb5 40.Qxb7
Be5 41.Qc8 h5 42.Ke3 Kh6 43.Kf3 g6 44.Qh8+ Kg5 45.g3 Bd7 46.Qd8
Bg4+ 47.Kg2 Kh6 48.Qb6 g5 49.Qxa6 h4 50.gxh4 gxh4 51.Qd3 h3+
52.Kh1 Bc8 53.a6 h2 54.a7 Bb7 55.Qd5 1-0

[Event "Master Open"]
[Site "Voronezh"]
[Date "2018.06.18"]
[Round "6.23"]
[White "Apryshko, Gleb"]
[Black "Pavlov, Sergey"]
[Result "0-1"]
[WhiteElo "2366"]
[BlackElo "2489"]
[Annotator ""]
[Source ""]
[Remark ""]

1.e4 c5 2.Nf3 Nc6 3.Bb5 e5 4.O-O Bd6 5.c3 a6 6.Bxc6 dxc6 7.d4
exd4 8.cxd4 Bg4 9.h3 Bxf3 10.Qxf3 cxd4 11.e5 Bc7 12.Qb3 Ne7 13.Qxb7
O-O 14.Bg5 Qd7 15.Qb3 Ng6 16.Na3 Qf5 17.Bd2 Rab8 18.Qa4 Nxe5
19.f4 Nd3 20.Qxc6 Bxf4 21.Qf3 g5 22.Nc4 Qg6 23.Rad1 Ne5 24.Nxe5
Bxe5 25.Qd5 Rb5 26.Qc4 Rxb2 27.Bb4 g4 0-1

[Event "Master Open"]
[Site "Voronezh"]
[Date "2018.06.18"]
[Round "6.24"]
[White "Khanin, Semen"]
[Black "Demianjuk, Alexander"]
[Result "1/2-1/2"]
[WhiteElo "2485"]
[BlackElo "2346"]
[Annotator ""]
[Source ""]
[Remark ""]

1.e4 c5 2.Nf3 d6 3.d4 cxd4 4.Nxd4 Nf6 5.Nc3 Nc6 6.Bg5 e6 7.Qd2
a6 8.O-O-O Bd7 9.f4 b5 10.Bxf6 gxf6 11.f5 Nxd4 12.Qxd4 Bh6+ 13.Kb1
Bf4 14.Ne2 Be5 15.Qd3 Qb6 16.g3 exf5 17.Bh3 b4 18.Bxf5 Bb5 19.Qf3
Bxe2 20.Qxe2 Ke7 21.Rd5 a5 22.Rhd1 Qc6 23.Qb5 Qxb5 24.Rxb5 Rhb8
25.Rdd5 a4 26.Kc1 a3 27.bxa3 bxa3 28.Kd2 Rxb5 29.Rxb5 h5 30.Rb7+
Kf8 31.Bd7 h4 32.gxh4 Kg7 33.Be6 Rh8 34.Rxf7+ Kg6 35.Ra7 Rxh4
36.Bf5+ Kg5 37.h3 d5 38.Rh7 Rxh7 39.Bxh7 d4 40.Kd3 Kh4 41.Bf5
Kg5 42.Kc4 Kh4 43.Kd5 Kg5 44.Ke6 Bg3 45.Bg4 Be1 46.Kd5 Bf2 47.Kc4
Be3 48.Bf5 Kh4 49.Kd3 Bf2 50.Be6 Kg5 51.Bd7 Kh4 52.Kc4 Be3 53.Bf5
Kg5 54.Kd3 Bf2 55.Ke2 Bg3 56.Kd3 Bf2 57.Bg4 Kh4 58.Kc4 Be3 59.Kd5
Kg5 60.Bd7 Bf2 61.Ke6 Be1 62.e5 fxe5 63.Kxe5 Bc3 64.Ke4 Bb2 65.Kf3
Kh4 1/2-1/2

[Event "Master Open"]
[Site "Voronezh"]
[Date "2018.06.18"]
[Round "6.25"]
[White "Kabanov, Nikolai"]
[Black "Nesterov, Arseniy"]
[Result "1-0"]
[WhiteElo "2468"]
[BlackElo "2317"]
[Annotator ""]
[Source ""]
[Remark ""]

1.e4 e6 2.d4 d5 3.Nd2 c5 4.Ngf3 cxd4 5.exd5 Qxd5 6.Bc4 Qd7 7.Qe2
Nf6 8.O-O a6 9.Ne5 Qc7 10.Ndf3 Bd6 11.Rd1 b5 12.Bb3 O-O 13.Rxd4
Nc6 14.Nxc6 Qxc6 15.Bg5 Nd5 16.Rad1 Bb7 17.Rg4 Rfe8 18.Bh6 g6
19.h4 Nf6 20.Rgd4 Bc5 21.Qe5 Bxd4 22.Rxd4 Nh5 23.Rg4 f6 24.Qxh5
Kf7 25.Ne5+ fxe5 26.Qxe5 Re7 27.Qg7+ Ke8 28.Qf8+ Kd7 29.Rd4+ 1-0

[Event "Master Open"]
[Site "Voronezh"]
[Date "2018.06.18"]
[Round "6.26"]
[White "Murzin, Volodar"]
[Black "Gukesh, D"]
[Result "0-1"]
[WhiteElo "2268"]
[BlackElo "2431"]
[Annotator ""]
[Source ""]
[Remark ""]

1.e4 c5 2.Nf3 d6 3.Bb5+ Nc6 4.O-O Bd7 5.Re1 Nf6 6.c3 a6 7.Bf1
e5 8.h3 g5 9.Nxg5 Rg8 10.h4 h6 11.Nf3 Bg4 12.d3 Nh5 13.g3 Ne7
14.Kh2 Ng6 15.Na3 Qf6 16.Bg2 Nhf4 17.Bxf4 exf4 18.d4 Be7 19.Nc4
Rd8 20.Nb6 Qg7 21.Rg1 cxd4 22.cxd4 Kf8 23.Nd5 Bf6 24.Bh3 fxg3+
25.Rxg3 Bxf3 26.Qxf3 Bxh4 27.Rg2 Qxd4 28.Rag1 Bg5 29.Rxg5 hxg5
30.Rxg5 Qh8 31.Qg3 Ne5 32.Rxg8+ Qxg8 33.Qxg8+ Kxg8 34.Kg3 Kf8
35.b4 Nc6 36.Bg2 Nd4 37.Bh3 Ne6 38.Nb6 Ke7 39.Nd5+ Kd7 40.a4
Rg8+ 41.Bg4 Kd8 42.a5 Nc7 43.Nb6 d5 44.Kf4 d4 45.e5 Ne6+ 46.Bxe6
fxe6 47.Ke4 Rg4+ 48.f4 d3 49.Nc4 Rg3 50.Nd2 Kc7 51.Nb3 Rh3 52.Kd4
Kc6 53.Kc4 d2 54.Nxd2 Rh4 55.Nf3 Rxf4+ 56.Nd4+ Kd7 57.Kd3 Rh4
58.Ke3 Rh1 59.Kd3 Rb1 60.Nc2 Kc6 61.Kd4 Rb2 62.Kc3 Rxc2+ 63.Kxc2
Kd5 64.Kd3 Kxe5 65.Kc4 Kd6 66.b5 e5 67.bxa6 bxa6 68.Kd3 Kc5 69.Ke4
Kb5 70.Kxe5 Kxa5 71.Kd4 Kb4 72.Kd3 Kb3 73.Kd2 Kb2 0-1

[Event "Master Open"]
[Site "Voronezh"]
[Date "2018.06.18"]
[Round "6.27"]
[White "Ioffe, Ilya"]
[Black "Shagbazyan, Taron"]
[Result "1/2-1/2"]
[WhiteElo "2240"]
[BlackElo "2429"]
[Annotator ""]
[Source ""]
[Remark ""]

1.e4 d6 2.d4 Nf6 3.Nc3 Nbd7 4.Nf3 e5 5.Bc4 Be7 6.O-O O-O 7.Re1
a6 8.a4 b6 9.Ne2 Bb7 10.Ng3 Nxe4 11.Nxe4 d5 12.Bxd5 Bxd5 13.dxe5
Nxe5 14.Nxe5 Bxe4 15.Qxd8 Raxd8 16.Bf4 f5 17.Nc6 Bxc6 18.Rxe7
Rd7 19.Rxd7 Bxd7 20.a5 bxa5 21.Rxa5 Re8 22.Re5 c6 23.Kf1 Kf7
24.Ke2 Be6 25.Kd3 Rd8+ 26.Kc3 Rd1 27.h4 Rf1 28.Be3 f4 29.Bxf4
Rxf2 30.g3 g6 31.Rc5 Bf5 32.Kb3 Be4 33.c4 h5 34.Ra5 Rf3+ 35.Kb4
Bc2 36.Rxa6 Rb3+ 37.Kc5 Be4 38.Rb6 Rxb6 39.Kxb6 Ke6 40.Kc7 Bd3
41.Kxc6 Bxc4 42.b4 Bd5+ 43.Kc7 Bc4 44.Kc6 Bd5+ 45.Kc5 Bf3 46.b5
Kd7 1/2-1/2

[Event "Master Open"]
[Site "Voronezh"]
[Date "2018.06.18"]
[Round "6.28"]
[White "Looshnikov, Nikolai"]
[Black "Perov, German"]
[Result "1-0"]
[WhiteElo "2424"]
[BlackElo "2159"]
[Annotator ""]
[Source ""]
[Remark ""]

1.e4 d5 2.exd5 Qxd5 3.Nc3 Qd6 4.d4 Nf6 5.Nf3 a6 6.g3 Bg4 7.Bg2
Nc6 8.O-O O-O-O 9.h3 Bh5 10.Bf4 Qb4 11.g4 Bg6 12.Qc1 e6 13.a3
Qb6 14.Be3 Nd5 15.Na4 Qa5 16.b3 Nxe3 17.Qxe3 h5 18.c4 hxg4 19.hxg4
e5 20.d5 Nb8 21.Nxe5 Bd6 22.c5 Bxe5 23.Qxe5 Qd2 24.Rfd1 Qh6 25.Nb6+
cxb6 26.cxb6 Rd7 27.Rdc1+ 1-0

[Event "Master Open"]
[Site "Voronezh"]
[Date "2018.06.18"]
[Round "6.29"]
[White "Korneev, Oleg"]
[Black "Yagupov, Igor"]
[Result "1-0"]
[WhiteElo "2517"]
[BlackElo "2359"]
[Annotator ""]
[Source ""]
[Remark ""]

1.e4 c5 2.Nf3 e6 3.d4 cxd4 4.Nxd4 Nf6 5.Nc3 Nc6 6.Ndb5 d6 7.Bf4
e5 8.Bg5 a6 9.Na3 b5 10.Nd5 Be7 11.Bxf6 Bxf6 12.c4 b4 13.Nc2
O-O 14.g3 a5 15.Bg2 Bg5 16.O-O Ne7 17.Nde3 Bxe3 18.Nxe3 Be6 19.Qd3
Qc7 20.Rad1 Rfd8 21.b3 Rac8 22.Rd2 Qc5 23.Nf5 Rc7 24.Rfd1 Nc6
25.h4 g6 26.Ne3 h5 27.Kh2 Kg7 28.Bh3 Nd4 29.Nc2 Nc6 30.Ne1 a4
31.Nf3 Bg4 32.Bxg4 hxg4 33.Ne1 Nd4 34.Qe3 axb3 35.axb3 Ra7 36.Kg2
Ra3 37.Rb2 Rda8 38.h5 Ra1 39.Rbb1 Rxb1 40.Rxb1 Qc6 41.Nd3 f5
42.h6+ Kh7 43.Nxb4 Qxe4+ 44.Qxe4 fxe4 45.Nd5 1-0

[Event "Master Open"]
[Site "Voronezh"]
[Date "2018.06.18"]
[Round "6.30"]
[White "Najdin, Danil"]
[Black "Khegay, Dmitriy"]
[Result "0-1"]
[WhiteElo "2250"]
[BlackElo "2495"]
[Annotator ""]
[Source ""]
[Remark ""]

1.e4 d6 2.d4 Nf6 3.Nc3 c6 4.f4 Qa5 5.e5 Nd5 6.Bd2 Qb6 7.Nxd5
cxd5 8.Nf3 Bg4 9.c3 Bxf3 10.gxf3 e6 11.Bd3 Nc6 12.Qe2 g6 13.h4
h5 14.O-O-O O-O-O 15.Kb1 Kb8 16.Ka1 Be7 17.Be3 Rc8 18.Rc1 Na5
19.b3 Rc7 20.c4 dxc4 21.bxc4 dxe5 22.fxe5 Rd8 23.Rb1 Qc6 24.Rhc1
Qa4 25.c5 Qa3 26.Be4 f5 27.Bxb7 Rxb7 28.c6 Rxb1+ 29.Rxb1+ Kc7
30.Bd2 Nxc6 31.Qc4 Rxd4 32.Qb5 Bb4 33.Rc1 Qxc1+ 0-1

[Event "Master Open"]
[Site "Voronezh"]
[Date "2018.06.18"]
[Round "6.31"]
[White "Ergeshov, Timur"]
[Black "Mammadzada, Gunay"]
[Result "0-1"]
[WhiteElo "2290"]
[BlackElo "2442"]
[Annotator ""]
[Source ""]
[Remark ""]

1.d4 Nf6 2.c4 e6 3.Nc3 Bb4 4.Qc2 d6 5.a3 Bxc3+ 6.Qxc3 O-O 7.g3
e5 8.Bg2 Re8 9.d5 h6 10.Nf3 c6 11.dxc6 Nxc6 12.O-O Be6 13.Rd1
Rc8 14.b4 Qc7 15.Bb2 b6 16.Rac1 Qb8 17.Qe1 Ne7 18.Nd2 b5 19.cxb5
Qxb5 20.e4 Qa4 21.Bf1 Rxc1 22.Rxc1 Rc8 23.Rxc8+ Nxc8 24.Qc1 Nb6
25.Be2 Qd7 26.Qc2 h5 27.b5 Qd8 28.a4 h4 29.Nf3 hxg3 30.hxg3 Qc8
31.Bd3 Qxc2 32.Bxc2 Nfd7 33.Ba3 Nc4 34.Bb4 Kf8 35.Bb3 Ke7 36.a5
Nb2 37.Bxe6 Kxe6 38.Ng5+ Ke7 39.f4 Nd3 40.Bd2 f6 41.b6 a6 42.Nh3
N7c5 43.Kf1 Nb2 44.Nf2 Nc4 45.Bc3 Kd7 46.Ke2 Kc6 47.Nd3 Nb7 48.Nb4+
Kb5 49.Nd5 Ncxa5 50.Nc7+ Kxb6 51.Ne8 Nc4 52.Nxg7 Nc5 53.Kf3 a5
54.Ne8 Nd7 55.g4 a4 56.g5 fxg5 57.fxg5 Nf8 58.Kg4 a3 59.Kf5 Kc5
60.Kf6 Nh7+ 61.Kg6 Nxg5 62.Kxg5 a2 63.Kf6 d5 64.exd5 e4 65.Nc7
e3 66.Ne6+ Kxd5 67.Kf5 Nd6+ 68.Kg4 Kxe6 69.Kf3 Nc4 70.Ke2 Kd5
71.Kd3 Kc5 72.Kc2 e2 0-1

[Event "Master Open"]
[Site "Voronezh"]
[Date "2018.06.18"]
[Round "6.32"]
[White "Shinkevich, Vitaly"]
[Black "Gurvich, Vitaly"]
[Result "1-0"]
[WhiteElo "2429"]
[BlackElo "2305"]
[Annotator ""]
[Source ""]
[Remark ""]

1.c4 e5 2.Nc3 Nf6 3.Nf3 Nc6 4.e4 Bb4 5.d3 a5 6.Be2 h6 7.O-O O-O
8.a3 Bxc3 9.bxc3 d6 10.Ne1 Nh7 11.Nc2 f5 12.exf5 Bxf5 13.Ne3
Bg6 14.Nd5 Nf6 15.f4 Nxd5 16.cxd5 Ne7 17.c4 exf4 18.Bxf4 Nf5
19.Rb1 b6 20.Bf3 Nh4 21.Bg4 Bf5 22.Bxf5 Nxf5 23.Rb2 Qf6 24.Re2
Rae8 25.Rff2 Qd4 26.Bc1 Nh4 27.Bb2 Qg4 28.Qe1 Rxe2 29.Qxe2 Qxe2
30.Rxe2 Ng6 31.Re3 Rf7 32.g3 Ne7 33.Kg2 Kf8 34.Re6 Ke8 35.g4
Kd7 36.Re3 Ng6 37.Kg3 Ne7 38.h4 h5 39.Rf3 Ke8 40.gxh5 Nf5+ 41.Kh3
a4 42.Rf4 Kf8 43.Bc1 Kg8 44.Re4 Re7 45.Rxe7 Nxe7 46.Kg4 b5 47.cxb5
Nxd5 48.Bd2 Kf7 49.Kf5 Ne7+ 50.Ke4 Ke6 51.Bc3 Nf5 52.Kf4 d5 53.Be5
Nxh4 54.Bxc7 Ng2+ 55.Kg5 Kf7 56.Be5 Ne1 57.Bxg7 Nxd3 58.h6 1-0

[Event "Master Open"]
[Site "Voronezh"]
[Date "2018.06.18"]
[Round "6.33"]
[White "Palachev, Petr"]
[Black "Volovich, Vasily"]
[Result "1-0"]
[WhiteElo "2405"]
[BlackElo "2244"]
[Annotator ""]
[Source ""]
[Remark ""]

1.d4 f5 2.g3 Nf6 3.Bg2 g6 4.c4 Bg7 5.Nc3 O-O 6.Nf3 d6 7.O-O Qe8
8.Re1 Qf7 9.e4 fxe4 10.Nxe4 Qxc4 11.Nxf6+ exf6 12.Re7 d5 13.Bf4
c6 14.Qd2 Rf7 15.Rxf7 Kxf7 16.Bd6 Nd7 17.Bf1 Qa4 18.b3 1-0

[Event "Master Open"]
[Site "Voronezh"]
[Date "2018.06.18"]
[Round "6.34"]
[White "Schepetkova, Margarita"]
[Black "Polschikov, Alexey"]
[Result "0-1"]
[WhiteElo "2244"]
[BlackElo "2398"]
[Annotator ""]
[Source ""]
[Remark ""]

1.d4 Nf6 2.c4 g6 3.Nf3 Bg7 4.g3 O-O 5.Bg2 d5 6.O-O Nc6 7.Ne5
dxc4 8.Nxc6 bxc6 9.Na3 Be6 10.Qc2 Qxd4 11.Be3 Qe5 12.Bxc6 Ng4
13.Bf4 Qh5 14.h4 Rab8 15.Nxc4 Rb4 16.Nd2 Rd8 17.Rad1 Rxf4 18.gxf4
Rxd2 19.Qxd2 Qxh4 20.Qd8+ Bf8 21.Kg2 Bc4 22.Rde1 Qh2+ 23.Kf3
f5 24.Qd5+ e6 0-1

[Event "Master Open"]
[Site "Voronezh"]
[Date "2018.06.18"]
[Round "6.35"]
[White "Shubin, Kirill"]
[Black "Sargissyan, Sargis"]
[Result "1/2-1/2"]
[WhiteElo "2391"]
[BlackElo "2249"]
[Annotator ""]
[Source ""]
[Remark ""]

1.e4 c5 2.Nf3 d6 3.d4 cxd4 4.Nxd4 Nf6 5.Nc3 a6 6.Be3 e5 7.Nb3
Be6 8.h3 Be7 9.f4 Nc6 10.f5 Bxb3 11.axb3 Nb4 12.g3 d5 13.exd5
Qc7 14.d6 Bxd6 15.Nb5 Nxc2+ 16.Ke2 Qc6 17.Nxd6+ Ke7 18.Rc1 Nxe3
19.Rxc6 Nxd1 20.Nxb7 Rhb8 21.Rc7+ Kf8 22.Bg2 Nxb2 23.Rb1 e4 24.Rxb2
Ra7 25.Nc5 Rxc7 26.Nxa6 Rcb7 27.Nxb8 Rxb8 28.b4 Nd5 29.Bxe4 Rxb4
30.Rxb4 Nxb4 31.f6 Na6 32.fxg7+ Kxg7 33.Kf3 Nc7 34.Kg4 Ne8 35.Bc2
Nf6+ 36.Kf4 Nh5+ 37.Kg4 Nf6+ 38.Kf4 Nh5+ 39.Kg4 Nf6+ 40.Kf4 1/2-1/2

[Event "Master Open"]
[Site "Voronezh"]
[Date "2018.06.18"]
[Round "6.36"]
[White "Kovalenko, Sergey"]
[Black "Salemgareev, Tagir"]
[Result "0-1"]
[WhiteElo "2237"]
[BlackElo "2387"]
[Annotator ""]
[Source ""]
[Remark ""]

1.c4 c5 2.Nc3 Nc6 3.Nf3 g6 4.e3 Nf6 5.Be2 Bg7 6.O-O O-O 7.d4
cxd4 8.Nxd4 d6 9.b3 Bd7 10.Bb2 Qa5 11.Qd2 Rfc8 12.a3 Qd8 13.Rab1
Rab8 14.f4 a6 15.Nf3 Na5 16.Ba1 b5 17.Nd5 bxc4 18.Nxf6+ Bxf6
19.Bxf6 exf6 20.b4 c3 21.Qd5 Qe7 22.Kf2 Nc4 23.Qxc4 Rxc4 24.Bxc4
Rc8 25.Bxa6 c2 26.Rbc1 Rc3 27.Rfe1 Rxa3 28.b5 Bf5 29.Nd4 Bd3
30.Bc8 Qc7 31.Bg4 Qc3 32.b6 Qd2+ 33.Kg3 Be4 34.Bf3 Rxe3 35.Nxc2
Bxc2 36.Rxe3 Qxe3 37.b7 Qxc1 38.b8Q+ Kg7 39.Qxd6 Qe1+ 40.Kh3
h5 41.g4 Qf1+ 42.Bg2 hxg4+ 43.Kg3 Qe1+ 44.Kxg4 Bf5+ 0-1

[Event "Master Open"]
[Site "Voronezh"]
[Date "2018.06.18"]
[Round "6.37"]
[White "Zaika, Daniil"]
[Black "Provotorov, Ivan"]
[Result "1/2-1/2"]
[WhiteElo "2118"]
[BlackElo "2378"]
[Annotator ""]
[Source ""]
[Remark ""]

1.d4 d5 2.c4 c6 3.Nc3 dxc4 4.e3 b5 5.a4 b4 6.Ne4 Qd5 7.Nd2 c3
8.Ndf3 Bf5 9.Ne5 f6 10.Nd3 e5 11.Ne2 Qa5 12.Ng3 Bg6 13.Be2 Bd6
14.bxc3 bxc3 15.O-O Ne7 16.dxe5 Bxe5 17.Nxe5 Qxe5 18.Ba3 Nd7
19.e4 Rd8 20.f4 Qa5 21.Qc2 Nc5 22.Rfc1 Rd2 23.Qxc3 Qxc3 24.Rxc3
Nxe4 25.Nxe4 Bxe4 26.Re3 f5 27.Bf3 Nd5 28.Ree1 Kd7 29.Bxe4 fxe4
30.Rxe4 Re8 31.Rae1 Rxe4 32.Rxe4 g6 33.g4 a6 34.Bf8 Rc2 35.Bg7
Ne7 36.Bf6 Nd5 37.Bg7 Ne7 38.Bf6 Nd5 39.Bg7 Ne7 40.Bf6 Nd5 41.Bg5
Rc3 42.Kf2 h6 43.Bxh6 Nf6 44.Rd4+ Ke6 45.f5+ gxf5 46.gxf5+ Kxf5
47.Bg7 Rc2+ 48.Kf3 1/2-1/2

[Event "Master Open"]
[Site "Voronezh"]
[Date "2018.06.18"]
[Round "6.38"]
[White "Karpenko, Artem"]
[Black "Yangutov, Aleksey"]
[Result "1-0"]
[WhiteElo "2374"]
[BlackElo "1975"]
[Annotator ""]
[Source ""]
[Remark ""]

1.d4 Nf6 2.c4 c5 3.d5 e6 4.Nc3 exd5 5.cxd5 d6 6.Nf3 g6 7.g3 Bg7
8.Bg2 O-O 9.O-O a6 10.a4 Nbd7 11.Bf4 Qc7 12.Rc1 Nh5 13.Bg5 f5
14.b4 b6 15.Qd2 Re8 16.Bh6 Rb8 17.Bxg7 Kxg7 18.Ng5 Ne5 19.e4
fxe4 20.Ncxe4 h6 21.f4 Ng4 22.Qc3+ Kg8 23.Ne6 Bxe6 24.dxe6 d5
25.h3 d4 26.Qxd4 cxd4 27.Rxc7 Ne3 28.g4 Nxg2 29.gxh5 Rxe6 30.Kxg2
Rxe4 31.hxg6 Rf8 32.Kg3 Rf6 33.f5 h5 34.Rh7 d3 35.Rd7 Rxb4 36.Rf4
Rb1 37.Kh4 Rg1 38.Kxh5 Rg3 39.Rg4 Rxg4 40.hxg4 b5 41.a5 1-0

[Event "Master Open"]
[Site "Voronezh"]
[Date "2018.06.18"]
[Round "6.39"]
[White "German, Nikita"]
[Black "Yeritsyan, Aram"]
[Result "1/2-1/2"]
[WhiteElo "2182"]
[BlackElo "2370"]
[Annotator ""]
[Source ""]
[Remark ""]

1.e4 e5 2.Nf3 Nc6 3.d4 exd4 4.Nxd4 Nf6 5.Nxc6 bxc6 6.Bd3 d5 7.Nd2
Bd6 8.O-O O-O 9.h3 Re8 10.exd5 cxd5 11.Nf3 c5 12.c3 Bb7 13.Bg5
h6 14.Bh4 g5 15.Bg3 Bxg3 16.fxg3 Ne4 17.g4 Qb6 18.Kh2 Re6 19.Qc2
Rae8 20.Rae1 Qc7+ 21.Kg1 Ng3 22.Rxe6 fxe6 23.Re1 e5 24.Bb5 Re6
25.Rxe5 Rf6 26.Re8+ Kg7 27.Ne5 c4 28.Bd7 Qc5+ 29.Kh2 Nf1+ 30.Kh1
Ne3 31.Qd2 Rf1+ 32.Kh2 Rf4 33.Qxe3 Qxe3 34.Re7+ Kf6 35.Re6+ Kg7
36.Re7+ Kf6 37.Re6+ Kg7 38.Re7+ Kf6 39.Re6+ 1/2-1/2

[Event "Master Open"]
[Site "Voronezh"]
[Date "2018.06.18"]
[Round "6.40"]
[White "Volotovsky, Kirill"]
[Black "Malyshev, Grigory"]
[Result "1/2-1/2"]
[WhiteElo "2159"]
[BlackElo "2362"]
[Annotator ""]
[Source ""]
[Remark ""]

1.e4 c6 2.d4 d5 3.e5 Bf5 4.h4 h5 5.Bd3 Bxd3 6.Qxd3 e6 7.Bg5 Be7
8.Nf3 Nh6 9.Bxh6 Rxh6 10.Nbd2 Nd7 11.g3 Rg6 12.O-O Kf8 13.Kh2
Kg8 14.Ng1 c5 15.c3 Rh6 16.Ne2 g6 17.Rab1 Kg7 18.b4 cxb4 19.cxb4
Nb6 20.a3 Rh8 21.Rfc1 Rc8 22.Rxc8 Qxc8 23.Rc1 Qb8 24.Rc2 Rc8
25.Nc1 Na8 26.Ncb3 b6 27.Kg2 Qb7 28.Rc3 Rxc3 29.Qxc3 Nc7 30.a4
Na6 31.b5 Nc7 32.Nc1 a6 33.bxa6 Nxa6 34.Nd3 Qd7 35.Qc2 Nb8 36.Kf1
Nc6 37.Nb3 Nd8 38.a5 bxa5 39.Nxa5 Qb5 40.Qc3 Nb7 41.Nxb7 Qxb7
42.Nf4 Bd8 43.Kg2 Qa7 44.Qb4 1/2-1/2